Complete the Card - WWE Armageddon 2002 - Statistics

General Stats
  • This quiz has been taken 573 times
  • The average score is 17 of 21
Answer Stats
Answer % Correct
Triple H
98%
Shawn Michaels
95%
Kurt Angle
93%
Trish Stratus
93%
Kane
88%
The Big Show
88%
Christian
86%
Bubba Ray Dudley
84%
Chris Jericho
84%
D-Von Dudley
84%
Edge
83%
Chris Benoit
81%
Eddie Guerrero
80%
Booker T
77%
Goldust
71%
Victoria
70%
Batista
68%
William Regal
68%
Lance Storm
66%
Jacqueline
53%
A-Train
52%
No matching quizzes found
Score Distribution
Percent of People with Each Score
Percentile by Number Answered
Your Score History
You have not taken this quiz